History Quiz

Random History or Year Quiz

Major Events in 'Three' Years Quiz Stats

Quiz Updated Dec 15, 2015

Challenge
Share
Tweet
Embed
Score 0/22 Timer 06:00
2 Plays Today
% Correct
1963
91%
2013
88.6%
1933
88.6%
1943
86.1%
1973
80%
1993
79.8%
1863
79.5%
2003
77.9%
1953
77.2%
1983
74.9%
1923
71%
% Correct
1903
69.8%
1803
58.6%
1813
46.4%
1823
42.5%
1913
38.9%
1893
38.4%
1853
37.4%
1883
36.1%
1843
32.4%
1833
32.3%
1873
28.4%

You're not logged in!

Compare scores with friends on all Sporcle quizzes.
Sign Up with Email
OR
Log In

You Might Also Like...

Show Comments

Extras

Top Quizzes Today


Score Distribution

Your Account Isn't Verified!

In order to create a playlist on Sporcle, you need to verify the email address you used during registration. Go to your Sporcle Settings to finish the process.